000 00669cab a22002175a 4500
001 E148095
008 090723e20090718stko f 000 0 eng d
035 _a(Sirsi) u148095
041 0 _aeng
100 1 _aThame, David
245 0 0 _aFocus
_bStaffordshire and Shropshire
260 _c2009
490 _aEstates Gazette
_v(0928) 18 July 2009, 67-75(7)
520 _aReports on the dispute over Telford's Asda site and discusses the challenges of regenerating Stoke-on-Trent.
590 _aKA
651 4 _aStaffordshire
651 4 _aShropshire
690 _aPROPERTY-COMMERCIAL PROPERTY-COMMERCIAL PROPERTY MARKET
700 1 _aPilkington, Lisa
942 _n0
999 _c81728
_d81728